| 000 | 01015nam a2200229 a 4500 | ||
|---|---|---|---|
| 001 | 000006723 | ||
| 005 | 20200929154001.0 | ||
| 008 | 090902s1996 dr c 000 0 spa d | ||
| 040 |
_aDO-SdBNP _bspa _cBNPHU |
||
| 082 |
_a796.325 _bG569v |
||
| 100 | 1 |
_aGómez Villalón, Freddy _918712 |
|
| 245 | 1 | 4 |
_aLos voleibolistas del año 1945 - 1994 : _bapuntes para su historia / _cFreddy A. Gómez Villalón, Milton S. Pinedo S. ; prólogo Diego de Moya Canaán. |
| 260 |
_aSanto Domingo : _bBanco Central de la República Dominicana, _c1996. |
||
| 300 |
_a127 p.C : _bretrs ; _c21 cm. |
||
| 500 | _aIncluye datos biográficos de los autores en la solapa de la cubierta. | ||
| 590 | _aInventariado, 2020/BT | ||
| 650 | 4 |
_aJugadores de voleibol _zRepública Dominicana _y1945-1994 _918713 |
|
| 650 | 4 |
_aVoleibol _zRepública Dominicana _xHistoria. _y1945-1994 _918714 |
|
| 700 | 1 | 2 |
_aPinedo S., Milton S., _q(Pinedo Soriano) _918715 |
| 700 | 1 | 2 |
_aMoya Canaán, Diego de, _epról. _918716 |
| 910 | _aValidado. Control de calidad MFF | ||
| 999 |
_c6512 _d6512 |
||